|
|
|
|
| LEADER |
00000nam0a2200000 4500 |
| 001 |
70391 |
| 005 |
20231101212517.0 |
| 010 |
|
|
|a 5217032804
|
| 035 |
|
|
|a (RuTPU)RU\TPU\book\74953
|
| 090 |
|
|
|a 70391
|
| 100 |
|
|
|a 20041122d2006 k y0rusy50 ca
|
| 101 |
0 |
|
|a rus
|
| 102 |
|
|
|a RU
|
| 105 |
|
|
|a a g 001zy
|
| 200 |
1 |
|
|a Валы и опоры с подшипниками качения. Конструирование и расчет
|e справочник
|f О. П. Леликов
|
| 210 |
|
|
|a Москва
|c Машиностроение
|d 2006
|
| 215 |
|
|
|a 640 с.
|c ил.
|
| 225 |
1 |
|
|a Библиотека конструктора
|
| 320 |
|
|
|a Библиография в конце книги.
|
| 606 |
1 |
|
|a Валы
|2 stltpush
|3 (RuTPU)RU\TPU\subj\1990
|9 30634
|
| 610 |
1 |
|
|a справочники
|
| 610 |
1 |
|
|a машиностроение
|
| 610 |
1 |
|
|a опоры
|
| 610 |
1 |
|
|a подшипники качения
|
| 610 |
1 |
|
|a конструирование
|
| 610 |
1 |
|
|a расчет
|
| 610 |
1 |
|
|a оси
|
| 610 |
1 |
|
|a проектирование
|
| 610 |
1 |
|
|a соединения
|
| 610 |
1 |
|
|a расчеты на прочность
|
| 610 |
1 |
|
|a расчеты на жесткость
|
| 610 |
1 |
|
|a классификация
|
| 610 |
1 |
|
|a условные обозначения
|
| 610 |
1 |
|
|a технические условия
|
| 610 |
1 |
|
|a испытания
|
| 610 |
1 |
|
|a контактная прочность
|
| 610 |
1 |
|
|a зазоры
|
| 610 |
1 |
|
|a грузоподъемность
|
| 610 |
1 |
|
|a эквивалентные нагрузки
|
| 610 |
1 |
|
|a трение
|
| 610 |
1 |
|
|a допуски
|
| 610 |
1 |
|
|a посадки
|
| 610 |
1 |
|
|a кольца
|
| 610 |
1 |
|
|a смазывание
|
| 610 |
1 |
|
|a ресурсы
|
| 610 |
1 |
|
|a размеры
|
| 610 |
1 |
|
|a чертежи
|
| 610 |
1 |
|
|a фирма SKF Explorer
|
| 675 |
|
|
|a 621.824-752(035)
|v 3
|
| 700 |
|
1 |
|a Леликов
|b О. П.
|g Олег Павлович
|
| 801 |
|
1 |
|a RU
|b 63413507
|c 20041122
|g PSBO
|
| 801 |
|
2 |
|a RU
|b 63413507
|c 20200825
|g PSBO
|
| 942 |
|
|
|c BK
|